| Tag |
First Indicator |
Second Indicator |
Subfields |
| LEADER |
00000cam a2200000 i 4500 |
| 001 |
in00003710190 |
| 005 |
20170926143009.0 |
| 008 |
160330t20172017mdu 000 0 eng |
| 010 |
|
|
|a 2016015151
|
| 020 |
|
|
|a 9781442255500 (cloth : alk. paper)
|
| 020 |
|
|
|a 1442255501 (cloth : alk. paper)
|
| 020 |
|
|
|a 9781442255517 (pbk. : alk. paper)
|
| 020 |
|
|
|a 144225551X (pbk. : alk. paper)
|
| 020 |
|
|
|a 9781442255524 (electronic)
|
| 020 |
|
|
|a 1442255528 (electronic)
|
| 035 |
|
|
|a (OCoLC)ocn945767585
|
| 040 |
|
|
|a DLC
|e rda
|c DLC
|d UtOrBLW
|
| 043 |
|
|
|a n-us---
|
| 049 |
|
|
|a TXAM
|
| 050 |
0 |
0 |
|a AM121
|b .G465 2017
|
| 082 |
0 |
0 |
|a 069/.068
|2 23
|
| 100 |
1 |
|
|a Genoways, Hugh H.,
|e author.
|
| 240 |
1 |
0 |
|a Museum administration
|
| 245 |
1 |
0 |
|a Museum administration 2.0 /
|c Hugh H. Genoways and Lynne M. Ireland ; revised by Cinnamon Catlin-Legutko.
|
| 264 |
|
1 |
|a Lanham, Maryland :
|b Rowman & Littlefield,
|c [2017]
|
| 264 |
|
4 |
|c ©2017
|
| 300 |
|
|
|a xv, 386 pages ;
|c 24 cm.
|
| 336 |
|
|
|a text
|b txt
|2 rdacontent
|
| 337 |
|
|
|a unmediated
|b n
|2 rdamedia
|
| 338 |
|
|
|a volume
|b nc
|2 rdacarrier
|
| 490 |
1 |
|
|a American Association for State and Local History
|
| 505 |
0 |
|
|a Museums and administration -- Start up -- Strategic planning -- Finance -- Sustainability -- The working museum -- Ethics and professional conduct -- Legal issues -- Facilities management -- Marketing and public relations -- Collections stewardship -- Interpretation, exhibits, and programming -- Epilogue.
|
| 520 |
|
|
|a Wondering what a museum director actually does? About to start your first director's job? Looking for guidance in starting up a museum or working with a museum director? Hugh Genoways, Lynne Ireland and Cinnamon Catlin-Legutko have taken the mystery out and put common sense and good guidance in. Learn about everything from budgets and strategic planning to human resources and facilities management to collections and programming. They also help you tackle legal documents, legal and ethical issues and challenges for today's world. Case studies and exercises throughout help you review and practice what you are learning, and their extensive references will be a welcome resource.
|
| 650 |
|
0 |
|a Museums
|x Management.
|0 http://id.loc.gov/authorities/subjects/sh2008108083
|
| 650 |
|
0 |
|a Museums
|z United States
|x Management.
|
| 700 |
1 |
|
|a Ireland, Lynne M.,
|d 1953-
|e author.
|0 http://id.loc.gov/authorities/names/n2003033228
|
| 700 |
1 |
|
|a Catlin-Legutko, Cinnamon,
|e editor.
|0 http://id.loc.gov/authorities/names/n2003013286
|
| 830 |
|
0 |
|a American Association for State and Local History book series.
|0 http://id.loc.gov/authorities/names/n95103563
|
| 945 |
|
|
|b 749871
|
| 947 |
|
|
|a A14843437048
|
| 948 |
|
|
|a cataloged
|b h
|c 2016/9/5
|d c
|e dmitchel
|f 11:00:00 am
|
| 994 |
|
|
|a 92
|b TXA
|
| 999 |
f |
f |
|s 65a3aaa4-976b-3864-82e4-521a14dfccb5
|i 16f801d6-4524-3b45-ab50-0b024194cdac
|t 0
|
| 952 |
f |
f |
|p 14_day
|a Texas A&M University
|b College Station
|c Sterling C. Evans Library
|d Evans: Preservation Office (see AskUs desk for assistance)
|t 0
|e AM121 .G465 2017
|h Library of Congress classification
|i unmediated -- volume
|m A14850208753
|
| 952 |
f |
f |
|p normal
|a Texas A&M University
|b College Station
|c Sterling C. Evans Library
|d Evans: Library Stacks
|t 0
|e AM121 .G465 2017
|h Library of Congress classification
|i unmediated -- volume
|m A14843437048
|
| 998 |
f |
f |
|a AM121 .G465 2017
|t 0
|l Evans: Library Stacks
|
| 998 |
f |
f |
|a AM121 .G465 2017
|t 0
|l Evans: Preservation Office (see AskUs desk for assistance)
|